000 00960cam a22002651 4500
001 gs 37000205
003 DLC
005 20260227111342.0
008 800627s1937 dcuabf f001 0 eng
010 _ags 37000205
035 _a(OCoLC)6467709
040 _aDLC
_cICharE
_dOCoLC
_dDLC
042 _apremarc
043 _an-us-or
050 0 0 _aQE75
_b.B9 no.875
100 1 _aMoore, Bernard Nettleton,
_d1906-
245 1 0 _aNonmetallic mineral resources of eastern Oregon,
_cby Bernard N. Moore.
260 _aWashington,
_bU.S. Govt. Print. Off.,
_c1937.
300 _aviii, 180 p.
_bincl. illus., tables, 16 pl. (incl. fold. maps (4 in pocket)
_c23 cm.
490 0 _aU.S. Geological survey. Bulletin 875
500 _aAt head of title: United States Department of the Interior.
500 _aPrepared in cooperation with the State mining board of Oregon.
650 0 _aMines and mineral resources
_zOregon.
710 1 _aOregon.
_bState Mining Board.
999 _c27367
_d27367